<?xml version="1.0" encoding="UTF-8"?>
<record
    xmlns:xsi="http://www.w3.org/2001/XMLSchema-instance"
    xsi:schemaLocation="http://www.loc.gov/MARC21/slim http://www.loc.gov/standards/marcxml/schema/MARC21slim.xsd"
    xmlns="http://www.loc.gov/MARC21/slim">

  <leader>01727nam a2200385   4500</leader>
  <controlfield tag="005">20231109100542.0</controlfield>
  <controlfield tag="007">sd fsngnnmmned</controlfield>
  <controlfield tag="008">231030b        |||||||| |||| 00| 0 spa d</controlfield>
  <datafield tag="024" ind1="1" ind2=" ">
    <subfield code="a">028948187065</subfield>
  </datafield>
  <datafield tag="028" ind1="0" ind2="2">
    <subfield code="a">028948187065 </subfield>
    <subfield code="b">Universal</subfield>
  </datafield>
  <datafield tag="050" ind1="0" ind2="4">
    <subfield code="a">M1000</subfield>
    <subfield code="b">C66 2019</subfield>
  </datafield>
  <datafield tag="100" ind1="1" ind2=" ">
    <subfield code="a">Contreras, Juan Pablo,</subfield>
    <subfield code="d">1987-</subfield>
  </datafield>
  <datafield tag="240" ind1="1" ind2="0">
    <subfield code="9">M&#xFA;sica de orquesta.  </subfield>
    <subfield code="k">Selecciones</subfield>
  </datafield>
  <datafield tag="245" ind1="1" ind2="0">
    <subfield code="a">Mariachitl&#xE1;n </subfield>
    <subfield code="c"> / Juan  Pablo Contreras ; orquesta filarm&#xF3;nica de Jalisco Marco Parisotto ; Abdiel V&#xE1;zquez, piano.</subfield>
  </datafield>
  <datafield tag="250" ind1=" " ind2=" ">
    <subfield code="a">1a ed.</subfield>
  </datafield>
  <datafield tag="260" ind1=" " ind2=" ">
    <subfield code="a">M&#xE9;xico : </subfield>
    <subfield code="b">Universal, </subfield>
    <subfield code="c">2019</subfield>
  </datafield>
  <datafield tag="300" ind1=" " ind2=" ">
    <subfield code="a">1 disco compacto :</subfield>
    <subfield code="c">4 3/4 plg. ;</subfield>
    <subfield code="e">+ 1 folleto (23 p. : il., 12 cm.)</subfield>
  </datafield>
  <datafield tag="306" ind1=" " ind2=" ">
    <subfield code="a"> (45:49)</subfield>
  </datafield>
  <datafield tag="500" ind1=" " ind2=" ">
    <subfield code="a">Notas de programa del compositor e Iv&#xE1;n Mart&#xED;nez en espa&#xF1;ol e ingl&#xE9;s (23 p&#xE1;ginas : retratos) colocadas en contenedor.</subfield>
  </datafield>
  <datafield tag="505" ind1="0" ind2=" ">
    <subfield code="t">1. Mariachitl&#xE1;n (10:39)</subfield>
  </datafield>
  <datafield tag="505" ind1="0" ind2=" ">
    <subfield code="t">2. El laberinto de la soledad (8:27) </subfield>
    <subfield code="t">Pir&#xE1;mide del sol (26:43) concierto para piano y orquesta</subfield>
  </datafield>
  <datafield tag="505" ind1="0" ind2=" ">
    <subfield code="t">3. Juego de pelota (10:27)</subfield>
  </datafield>
  <datafield tag="505" ind1="0" ind2=" ">
    <subfield code="t">4. Ofrenda (7:35)</subfield>
  </datafield>
  <datafield tag="505" ind1="0" ind2=" ">
    <subfield code="r">Abdiel V&#xE1;zquez. Piano.</subfield>
    <subfield code="t">Danza emplumada / </subfield>
  </datafield>
  <datafield tag="511" ind1="0" ind2=" ">
    <subfield code="a">Abdiel V&#xE1;zquez, piano (3.&#xAA; obra); Orquesta Filarm&#xF3;nica de Jalisco; Marco Parisotto, director de orquesta.</subfield>
  </datafield>
  <datafield tag="518" ind1=" " ind2=" ">
    <subfield code="a">Grabado  </subfield>
    <subfield code="d">2017 6-9 de octubre</subfield>
    <subfield code="p">el Teatro Jos&#xE9; Pablo Moncayo de PALCCO, Guadalajara, Jalisco, M&#xE9;xico</subfield>
  </datafield>
  <datafield tag="650" ind1=" " ind2="7">
    <subfield code="2">lemb</subfield>
    <subfield code="a">Musica orquestal</subfield>
  </datafield>
  <datafield tag="650" ind1=" " ind2="7">
    <subfield code="2">lemb</subfield>
    <subfield code="a">Conciertos (Piano)</subfield>
  </datafield>
  <datafield tag="700" ind1="1" ind2=" ">
    <subfield code="a">V&#xE1;zquez, Abdiel,  </subfield>
    <subfield code="d">desde  1984-</subfield>
    <subfield code="e">Instrumentista</subfield>
  </datafield>
  <datafield tag="700" ind1="1" ind2=" ">
    <subfield code="a">Parisotto, Marco, </subfield>
    <subfield code="e">director</subfield>
  </datafield>
  <datafield tag="700" ind1="1" ind2=" ">
    <subfield code="a">V&#xE1;zquez, Abdiel, </subfield>
    <subfield code="e">pianista</subfield>
  </datafield>
  <datafield tag="700" ind1="1" ind2=" ">
    <subfield code="a">Parisotto, Marco, </subfield>
    <subfield code="e">conductor</subfield>
  </datafield>
  <datafield tag="710" ind1="2" ind2=" ">
    <subfield code="a">Orquesta Filarm&#xF3;nica de Jalisco, </subfield>
    <subfield code="e">Instrumentos</subfield>
  </datafield>
  <datafield tag="942" ind1=" " ind2=" ">
    <subfield code="2">lcc</subfield>
    <subfield code="n">0</subfield>
    <subfield code="c">DIC</subfield>
  </datafield>
  <datafield tag="999" ind1=" " ind2=" ">
    <subfield code="c">168818</subfield>
    <subfield code="d">168816</subfield>
  </datafield>
  <datafield tag="952" ind1=" " ind2=" ">
    <subfield code="0">0</subfield>
    <subfield code="1">0</subfield>
    <subfield code="2">lcc</subfield>
    <subfield code="4">0</subfield>
    <subfield code="7">0</subfield>
    <subfield code="a">LIC-037</subfield>
    <subfield code="b">LIC-037</subfield>
    <subfield code="c">GENERAL</subfield>
    <subfield code="d">2023-10-30</subfield>
    <subfield code="e">DON</subfield>
    <subfield code="l">0</subfield>
    <subfield code="o">M1000 C66 2019</subfield>
    <subfield code="p">BBA000003517</subfield>
    <subfield code="r">2023-10-30 00:00:00</subfield>
    <subfield code="t">1</subfield>
    <subfield code="v">1.00</subfield>
    <subfield code="y">DIC</subfield>
  </datafield>
  <datafield tag="952" ind1=" " ind2=" ">
    <subfield code="0">0</subfield>
    <subfield code="1">0</subfield>
    <subfield code="2">lcc</subfield>
    <subfield code="4">0</subfield>
    <subfield code="7">0</subfield>
    <subfield code="a">LIC-037</subfield>
    <subfield code="b">LIC-037</subfield>
    <subfield code="c">GENERAL</subfield>
    <subfield code="d">2023-11-09</subfield>
    <subfield code="e">DON</subfield>
    <subfield code="l">0</subfield>
    <subfield code="o">M1000 C66 2019</subfield>
    <subfield code="p">BBA000003518</subfield>
    <subfield code="r">2023-11-09 00:00:00</subfield>
    <subfield code="t">2</subfield>
    <subfield code="v">1.00</subfield>
    <subfield code="y">DIC</subfield>
  </datafield>
</record>
